00738 a2200169 4500003000400000005001700004008004100021040000900062082002000071245005900091260004900150300001400199942004600213952014600259952014600405999001700551OSt20260310130304.0260310b |||||||| |||| 00| 0 eng d coclc a894.8129bKAD/B aBahadur /cEdited by Abdurahiman Kadappur, Hussain K H aKudungallur:bBahadur Memorial Trust,c2025. a209 pages 2ddccBKh894.8129iKAD/Bk894.8129mKAD/B 00102ddc40708MEMOIRSaMESbMEScMALd2026-03-10g250.00l0o894.8129 KAD/Bp46190r2026-03-10 13:02:24t1v250.00w2026-03-10yBKzGR34R1 00102ddc40708MEMOIRSaMESbMEScMALd2026-03-10g250.00l0o894.8129 KAD/Bp46191r2026-03-10 13:02:24t2v250.00w2026-03-10yBKzGR34R1 c44715d44715